000 00485nam a2200181Ia 4500
008 151018s9999 xx 000 0 und d
082 _bRBASDV1956
_a823
100 _a& ross Somerville
245 _aSome Experinces of an wish R.M
250 _b1
260 _bPenguin Books
_c1937
300 _a256
600 _a& ross Somerville
630 _aSome Experinces of an wish R.M
700 _a& ross Somerville
730 _aSome Experinces of an wish R.M
942 _cBOOK
999 _c1004381
_d1004378